00720 2200253 4500001002100000005001700021008004100038035002400079082001000103090002000113100002000133245010500153250001100258260003300269300001800302500004700320650001100367700002200378850001500400980001500415985000600430999001500436999001500451YOGYA-0209000003558520090227025028.0 ind  0010-020900000035585 a158.1 a158.1bHaf SlT aHoffman, Glaria aSukses lewat komunikasibuntuk promosi bisnis dan kebahagiaan andacGloria Hoffman, Pauline Graivier aCet. 4 aSemarangbDahara Prizec1991 a80 hlmc20 cm aJudul asli : Speak the language of success aSukses aGraivier, Pauline aYOPDYOG(B) a04-10-2006 a2 a96P0085525 a96P0085527